La talpa /
Enregistré dans:
| Format: | |
|---|---|
| Langue: | italien anglais |
| Publié: |
Milano :
Medusa Home Entertainment,
2011
|
| Tags: |
Pas de tags, Soyez le premier à ajouter un tag!
|
MARC
| LEADER | 00000ngm a22000007ia4500 | ||
|---|---|---|---|
| 001 | IT\ICCU\MOL\0241536 | ||
| 003 | ItRI | ||
| 005 | 20260222214044.0 | ||
| 008 | 120912s2011 it |||||||||||||||k|||||c | ||
| 028 | 4 | 2 | |a N02SF07515 |
| 040 | |b ita |c ct | ||
| 041 | 7 | |a ita |a eng |2 ISO-639-2 | |
| 245 | 0 | 3 | |a La talpa / |c un film di Tomas Alfredson. |
| 260 | |a Milano : |b Medusa Home Entertainment, |c 2011 | ||
| 300 | |a 2 DVD (123 min) : |b sonoro (Dolby digital 5.1), color. 19 cm | ||
| 500 | |a Codice area: 2; sistema e formato video: PAL; presentato in formato 2.35:1, widescreen version 16:9 - Descrizione basata sul contenitore | ||
| 500 | |a Film del 2011 | ||
| 500 | |a Interpreti: Gary Oldman, Colin Firth, Tom Hardy | ||
| 500 | |a Contenuti extra | ||
| 500 | |a Edizione speciale 2 DVD | ||
| 500 | |a Tratto dal best seller di John Le Carrè | ||
| 500 | |a Lingue: italiano, inglese; sottotitoli in italiano | ||
| 942 | |2 ddc |c VM | ||
| 952 | |0 0 |1 0 |2 ddc |4 0 |6 VO_2011_000000000000000 |7 0 |9 33175 |a BO |b BO |d 2026-02-22 |i 16793 |l 0 |o VO 2011 |p BO16793 |r 2026-02-22 22:04:59 |t DVD 1 |w 2026-02-22 |y VM | ||
| 952 | |0 0 |1 0 |2 ddc |4 0 |6 VO_2011_000000000000000 |7 0 |9 33176 |a BO |b BO |d 2026-02-22 |i 16794 |l 0 |o VO 2011 |p BO16794 |r 2026-02-22 22:05:36 |t DVD 2 |w 2026-02-22 |y VM | ||
| 999 | |c 28800 |d 28800 | ||